| 000 | 00549nam a2200181Ia 4500 | ||
|---|---|---|---|
| 003 | GCL | ||
| 008 | 140319s9999 xx 000 0 ara d | ||
| 040 |
_aGCL / _cGCL |
||
| 082 | 0 | 4 |
_aط _b813.087 _bا س |
| 100 | 1 | _aاشرف سيد العقبى | |
| 245 | 1 | 0 |
_aمدينة المستقبل 1 / _cاشرف سيد العقبى |
| 260 |
_a[S.N] : _bسفير ، _c1994 |
||
| 490 |
_aسلسلة الخيال العلمى _v0 |
||
| 650 | 0 | 4 | _aالاطفال |
| 650 | 0 | 4 | _aقصص الاطفال |
| 650 | 0 | 4 | _aالقصص الخرافية |
| 942 |
_2ddc _cBK |
||
| 999 |
_c56532 _d56532 |
||